| 000 | 004400000a22001690004500 | ||
|---|---|---|---|
| 041 | 0 | _aENG | |
| 082 | 0 | 4 | _aG 261 R248c |
| 100 | 1 | _aRauschenbusch, Walter | |
| 245 | 1 | 0 | _aChristianity and the social crisis / Walter Rauschenbusch |
| 260 | _aNew York, USA : MacMillan | ||
| 300 | _a429 Pag | ||
| 001 | 6753 | ||
| 942 | _cBK | ||
| 999 |
_c37018 _d37018 |
||
| 336 |
_atexto _btxt _2rdacontent |
||
| 337 |
_2rdamedia _asin mediación _bn |
||
| 338 |
_2rdacarrier _avolumen _bnc |
||